UBT Library

Bucharest, museums of art : (Record no. 39681)

000 -LEADER
fixed length control field 00726cam a2200241 p 4500
001 - CONTROL NUMBER
control field 3691035
005 - DATE AND TIME OF LATEST TRANSACTION
control field 20180104043139.0
008 - FIXED-LENGTH DATA ELEMENTS--GENERAL INFORMATION
fixed length control field 780626s1977 rm a 000 0 eng
010 ## - LIBRARY OF CONGRESS CONTROL NUMBER
LC control number 78355040
015 ## - NATIONAL BIBLIOGRAPHY NUMBER
National bibliography number R77-3783
020 ## - INTERNATIONAL STANDARD BOOK NUMBER
Terms of availability Lei100
040 ## - CATALOGING SOURCE
Original cataloging agency DLC
Transcribing agency DLC
Modifying agency DLC
041 1# - LANGUAGE CODE
Language code of text/sound track or separate title engrum
043 ## - GEOGRAPHIC AREA CODE
Geographic area code e-rm---
080 ## - UNIVERSAL DECIMAL CLASSIFICATION NUMBER
Universal Decimal Classification number 708.94982 DRA
082 00 - DEWEY DECIMAL CLASSIFICATION NUMBER
Classification number 708.94982 DRA
100 ## - Rafti
Rafti 44
101 ## - Shkurtesa
Shkurtesa ART
240 00 - UNIFORM TITLE
Uniform title <a href="București, muzee de artă. English">București, muzee de artă. English</a>
245 00 - TITLE STATEMENT
Title Bucharest, museums of art :
Statement of responsibility, etc collaborators, Cristian Benedict ... et al. ; introd., Vasile Drăgut ; translated into English by Caterina Augusta Grundbock].
906 ## - LOCAL DATA ELEMENT F, LDF (RLIN)
a 7
b cbc
c orignew
d 4
e ncip
f 19
g y-gencatlg
942 ## - ADDED ENTRY ELEMENTS (KOHA)
Source of classification or shelving scheme
Item type Books
Holdings
Withdrawn status Lost status Source of classification or shelving scheme Damaged status Not for loan Collection code Permanent location Current location Shelving location Date acquired Total Checkouts Full call number Barcode Date last seen Price effective from Koha item type
          Koleksioni i përgjithshem UBT - Lipjan UBT - Lipjan Koleksioni i përgjithshem 01/04/2018   708.94982 DRA 002-29711 01/04/2018 01/04/2018 Books
UBT Library © 2015-2024. All rights reserved University Education for Business and Technology